000 005460000a22001690004500
003 LK-CoMWRAF
008 230817t ||||| |||| 00| 0 eng d
040 _aLK-CoMWRAF
_dLK-CoMWRAF
_eLK-CoMWRAF
041 _aeng
082 _a910
_bHAS
100 _aHassan, S.M.A.
245 _aAllama Iqbal (An Introduction of Allama Iqbal)
_bOrr Arimugam
260 _bOrabi Pasha Cultural Centre
_aSri Lanka (Kandy)
_c1998
300 _ap.108
650 _aAn Account of Life and Literary works of Poet - Philosopher - Allam Sir Muhammad Iqbal
942 _cBK
999 _c2057
_d2057